[Event "13. Golden Prague Rapid Open"]
[Site "Praha"]
[Date "2017.07.01"]
[Round "7.10"]
[White "Pribyl, Viktor"]
[Black "Reznicek, Marcel"]
[Result "1-0"]
[WhiteElo "1925"]
[BlackElo "2091"]
[Annotator ""]
[Source ""]
[Remark ""]

1.d4 {[%clk 0:12:05]} Nf6 {[%clk 0:12:05]} 2.Bf4 {[%clk 0:12:07]}
g6 {[%clk 0:12:06]} 3.e3 {[%clk 0:12:08]} Bg7 {[%clk 0:12:08]}
4.Nf3 {[%clk 0:12:10]} O-O {[%clk 0:12:10]} 5.h3 {[%clk 0:12:12]}
c6 {[%clk 0:12:09]} 6.Be2 {[%clk 0:12:12]} d6 {[%clk 0:12:11]}
7.O-O {[%clk 0:12:12]} Nbd7 {[%clk 0:12:13]} 8.Nbd2 {[%clk 0:12:13]}
Re8 {[%clk 0:12:12]} 9.Bh2 {[%clk 0:12:11]} b5 {[%clk 0:12:12]}
10.a4 {[%clk 0:12:09]} b4 {[%clk 0:12:08]} 11.Nc4 {[%clk 0:12:04]}
a5 {[%clk 0:12:03]} 12.c3 {[%clk 0:11:50]} bxc3 {[%clk 0:11:53]}
13.bxc3 {[%clk 0:11:52]} Ba6 {[%clk 0:11:55]} 14.Rb1 {[%clk 0:11:46]}
Nd5 {[%clk 0:11:51]} 15.Qc2 {[%clk 0:11:43]} Qc7 {[%clk 0:11:42]}
16.e4 {[%clk 0:11:12]} Bxc4 {[%clk 0:11:43]} 17.Bxc4 {[%clk 0:11:06]}
N5b6 {[%clk 0:11:45]} 18.Bb3 {[%clk 0:11:04]} c5 {[%clk 0:11:46]}
19.Qa2 {[%clk 0:10:56]} Rec8 {[%clk 0:11:28]} 20.Bxf7+ {[%clk 0:10:52]}
Kh8 {[%clk 0:11:27]} 21.Ng5 {[%clk 0:10:45]} Bf6 {[%clk 0:11:06]}
22.Ne6 {[%clk 0:10:25]} Qc6 {[%clk 0:11:05]} 23.dxc5 {[%clk 0:09:08]}
Nxc5 {[%clk 0:10:49]} 24.Nxc5 {[%clk 0:09:08]} Qxc5 {[%clk 0:10:51]}
25.Rb5 {[%clk 0:08:40]} Qc6 {[%clk 0:10:38]} 26.Be6 {[%clk 0:08:32]}
Rf8 {[%clk 0:10:19]} 27.Qb3 {[%clk 0:08:11]} Rab8 {[%clk 0:10:02]}
28.Bd5 {[%clk 0:07:57]} Qc7 {[%clk 0:09:11]} 29.Rb1 {[%clk 0:07:36]}
Nd7 {[%clk 0:08:35]} 30.c4 {[%clk 0:07:23]} Kg7 {[%clk 0:08:24]}
31.Qc2 {[%clk 0:06:22]} Bd4 {[%clk 0:08:05]} 32.Qd2 {[%clk 0:06:09]}
e5 {[%clk 0:07:53]} 33.Bg3 {[%clk 0:05:49]} Rxb5 {[%clk 0:07:38]}
34.cxb5 {[%clk 0:05:25]} Qb6 {[%clk 0:07:32]} 35.Rf1 {[%clk 0:05:15]}
Nc5 {[%clk 0:07:33]} 36.Qc2 {[%clk 0:04:50]} Rc8 {[%clk 0:07:19]}
37.Qd1 {[%clk 0:04:49]} Rf8 {[%clk 0:07:16]} 38.Kh2 {[%clk 0:04:38]}
Qc7 {[%clk 0:06:50]} 39.f4 {[%clk 0:04:31]} exf4 {[%clk 0:06:26]}
40.Bxf4 {[%clk 0:04:22]} Rxf4 {[%clk 0:06:26]} 41.Qxd4+ {[%clk 0:04:09]}
Kh6 {[%clk 0:06:19]} 42.Rxf4 {[%clk 0:04:03]} Qe7 {[%clk 0:06:15]}
43.Qf6 {[%clk 0:03:47]} Qxf6 {[%clk 0:06:14]} 44.Rxf6 {[%clk 0:03:49]}
Kg5 {[%clk 0:06:16]} 45.Rxd6 {[%clk 0:03:48]} Nxa4 {[%clk 0:06:18]}
46.b6 {[%clk 0:03:41]} Nc5 {[%clk 0:06:19]} 47.b7 {[%clk 0:03:42]}
Nxb7 {[%clk 0:06:21]} 48.Bxb7 {[%clk 0:03:43]} a4 {[%clk 0:06:24]}
49.Ra6 {[%clk 0:03:44]} h5 {[%clk 0:06:25]} 50.Rxa4 {[%clk 0:03:45]}
Kf4 {[%clk 0:06:27]} 51.g3+ {[%clk 0:03:43]} Ke5 {[%clk 0:06:29]}
52.Ra5+ {[%clk 0:03:44]} Kd4 {[%clk 0:06:30]} 53.Rg5 {[%clk 0:03:41]}
h4 {[%clk 0:06:32]} 54.gxh4 {[%clk 0:03:42]} Kc4 {[%clk 0:06:31]}
55.Rxg6 {[%clk 0:03:44]} Kd4 {[%clk 0:06:33]} 56.h5 {[%clk 0:03:45]}
Ke5 {[%clk 0:06:34]} 57.h6 {[%clk 0:03:47]} Kf4 {[%clk 0:06:36]}
58.Rg4+ {[%clk 0:03:48]} Ke3 {[%clk 0:06:37]} 59.Rg3+ {[%clk 0:03:45]}
Kf4 {[%clk 0:06:39]} 60.h7 {[%clk 0:03:45]} Ke5 {[%clk 0:06:40]}
61.h8Q+ {[%clk 0:03:47]} Kd6 {[%clk 0:06:42]} 62.Rg6+ {[%clk 0:03:47]}
Kc5 {[%clk 0:06:44]} 63.Qe5+ {[%clk 0:03:48]} Kb4 {[%clk 0:06:45]}
64.Qd4+ {[%clk 0:03:49]} 1-0

[Event "13. Golden Prague Rapid Open"]
[Site "Praha"]
[Date "2017.07.01"]
[Round "7.11"]
[White "Aubrecht, Petr"]
[Black "Vetrovsky, Michal"]
[Result "1/2-1/2"]
[WhiteElo "1659"]
[BlackElo "2081"]
[Annotator ""]
[Source ""]
[Remark ""]

1.b3 {[%clk 0:12:03]} Nf6 {[%clk 0:12:02]} 2.Bb2 {[%clk 0:12:05]}
d5 {[%clk 0:12:00]} 3.e3 {[%clk 0:12:02]} e6 {[%clk 0:11:57]}
4.f4 {[%clk 0:12:03]} c5 {[%clk 0:11:51]} 5.Nf3 {[%clk 0:12:04]}
Nc6 {[%clk 0:11:52]} 6.Be2 {[%clk 0:12:06]} Be7 {[%clk 0:11:40]}
7.O-O {[%clk 0:12:05]} O-O {[%clk 0:11:38]} 8.Qe1 {[%clk 0:12:05]}
Ne4 {[%clk 0:11:03]} 9.d3 {[%clk 0:12:04]} Bf6 10.Ne5 {[%clk 0:11:41]}
Nd6 {[%clk 0:10:40]} 11.Qg3 {[%clk 0:10:59]} Nf5 {[%clk 0:10:28]}
12.Qf2 Nxe5 {[%clk 0:08:48]} 13.fxe5 {[%clk 0:09:05]} Bg5 {[%clk 0:08:43]}
14.Bc1 d4 15.exd4 {[%clk 0:07:33]} cxd4 {[%clk 0:07:31]} 16.Bxg5
{[%clk 0:07:24]} Qxg5 {[%clk 0:07:30]} 17.Qf4 {[%clk 0:06:52]}
Qxf4 {[%clk 0:06:51]} 18.Rxf4 {[%clk 0:06:54]} Rd8 {[%clk 0:06:32]}
19.Na3 {[%clk 0:06:30]} Rb8 {[%clk 0:05:11]} 20.g4 {[%clk 0:03:05]}
Nh4 {[%clk 0:04:56]} 21.Nb5 {[%clk 0:02:52]} Ng6 {[%clk 0:04:52]}
22.Rxd4 {[%clk 0:02:10]} Rxd4 {[%clk 0:04:52]} 23.Nxd4 {[%clk 0:02:12]}
Nxe5 {[%clk 0:04:50]} 24.Re1 {[%clk 0:02:10]} Bd7 {[%clk 0:04:24]}
25.Bd1 {[%clk 0:02:08]} Nc6 {[%clk 0:04:13]} 26.Nf3 {[%clk 0:01:54]}
a5 {[%clk 0:04:00]} 27.Kf2 {[%clk 0:01:54]} h6 {[%clk 0:04:00]}
28.Ne5 {[%clk 0:01:48]} Nxe5 {[%clk 0:04:00]} 29.Rxe5 {[%clk 0:01:50]}
b6 {[%clk 0:03:59]} 30.c4 {[%clk 0:01:43]} Kf8 {[%clk 0:04:00]}
31.Bf3 {[%clk 0:01:44]} Ke7 {[%clk 0:04:02]} 32.d4 {[%clk 0:01:44]}
Kd6 {[%clk 0:04:02]} 33.Re1 {[%clk 0:01:46]} Rc8 {[%clk 0:03:43]}
34.Ke3 {[%clk 0:01:46]} Bc6 {[%clk 0:03:38]} 35.Bxc6 {[%clk 0:01:44]}
Rxc6 {[%clk 0:03:39]} 36.Rf1 {[%clk 0:01:46]} f6 {[%clk 0:03:36]}
37.Ke4 {[%clk 0:01:29]} Rc7 {[%clk 0:03:36]} 38.h4 {[%clk 0:01:27]}
Ra7 {[%clk 0:03:37]} 39.a4 {[%clk 0:01:28]} Re7 {[%clk 0:03:33]}
40.h5 {[%clk 0:01:28]} Rc7 {[%clk 0:02:50]} 41.Rf3 {[%clk 0:01:15]}
f5+ 1/2-1/2

[Event "13. Golden Prague Rapid Open"]
[Site "Praha"]
[Date "2017.07.01"]
[Round "7.12"]
[White "Simecek, Bohumil"]
[Black "Vavrinec, Tomas"]
[Result "1-0"]
[WhiteElo "1983"]
[BlackElo "2068"]
[Annotator ""]
[Source ""]
[Remark ""]

1.d4 {[%clk 0:12:02]} Nf6 {[%clk 0:12:05]} 2.c4 {[%clk 0:12:03]}
c5 {[%clk 0:12:07]} 3.d5 {[%clk 0:12:04]} e6 {[%clk 0:12:09]}
4.Nc3 {[%clk 0:12:02]} exd5 {[%clk 0:12:10]} 5.cxd5 {[%clk 0:12:04]}
d6 {[%clk 0:12:12]} 6.Nf3 {[%clk 0:12:03]} g6 {[%clk 0:12:12]}
7.Nd2 {[%clk 0:12:05]} Na6 {[%clk 0:12:02]} 8.e4 {[%clk 0:12:03]}
Nc7 {[%clk 0:12:00]} 9.a4 {[%clk 0:12:03]} Bg7 {[%clk 0:11:56]}
10.Be2 {[%clk 0:12:04]} O-O {[%clk 0:11:53]} 11.O-O {[%clk 0:12:04]}
a6 {[%clk 0:11:46]} 12.Nc4 {[%clk 0:11:30]} Rb8 {[%clk 0:11:41]}
13.Bg5 {[%clk 0:10:43]} b5 {[%clk 0:10:52]} 14.axb5 {[%clk 0:10:35]}
axb5 {[%clk 0:10:54]} 15.Na5 {[%clk 0:10:25]} Bd7 {[%clk 0:10:49]}
16.Nc6 {[%clk 0:09:42]} Bxc6 {[%clk 0:10:03]} 17.dxc6 {[%clk 0:09:43]}
h6 {[%clk 0:09:31]} 18.Bf4 {[%clk 0:09:29]} b4 {[%clk 0:09:16]}
19.Nd5 {[%clk 0:08:47]} Nxe4 {[%clk 0:09:06]} 20.Bf3 {[%clk 0:08:15]}
Re8 {[%clk 0:04:40]} 21.Nxc7 {[%clk 0:05:25]} Qxc7 {[%clk 0:04:29]}
22.Bxe4 {[%clk 0:05:26]} Rxe4 {[%clk 0:04:11]} 23.Bxd6 {[%clk 0:05:27]}
Qb6 {[%clk 0:03:40]} 24.Bxb8 {[%clk 0:05:15]} Qxb8 {[%clk 0:03:34]}
25.Qd5 {[%clk 0:04:31]} Re5 {[%clk 0:01:43]} 26.Qd7 {[%clk 0:04:12]}
Rh5 {[%clk 0:01:21]} 27.c7 1-0

[Event "13. Golden Prague Rapid Open"]
[Site "Praha"]
[Date "2017.07.01"]
[Round "7.13"]
[White "Melich, Jindrich"]
[Black "Ruzicka, Ondrej"]
[Result "1-0"]
[WhiteElo "2049"]
[BlackElo "1890"]
[Annotator ""]
[Source ""]
[Remark ""]

1.b4 {[%clk 0:12:05]} e5 {[%clk 0:11:40]} 2.Bb2 {[%clk 0:12:06]}
Bxb4 {[%clk 0:11:39]} 3.Bxe5 {[%clk 0:12:08]} Nf6 {[%clk 0:11:39]}
4.c4 {[%clk 0:12:10]} O-O {[%clk 0:11:34]} 5.Nf3 {[%clk 0:12:12]}
Re8 {[%clk 0:11:32]} 6.e3 {[%clk 0:12:11]} Nc6 {[%clk 0:11:23]}
7.Bb2 {[%clk 0:12:12]} d6 {[%clk 0:11:17]} 8.Be2 {[%clk 0:12:10]}
a5 {[%clk 0:10:10]} 9.a3 {[%clk 0:11:44]} Bc5 {[%clk 0:10:09]}
10.d4 {[%clk 0:11:45]} Bb6 {[%clk 0:10:06]} 11.Nc3 {[%clk 0:11:44]}
Bg4 {[%clk 0:09:43]} 12.O-O {[%clk 0:11:23]} Qd7 {[%clk 0:09:43]}
13.Qc2 {[%clk 0:11:13]} Bf5 {[%clk 0:08:54]} 14.Bd3 {[%clk 0:11:00]}
Bxd3 {[%clk 0:08:27]} 15.Qxd3 {[%clk 0:11:02]} d5 {[%clk 0:07:40]}
16.Rfc1 {[%clk 0:10:26]} Rad8 {[%clk 0:06:54]} 17.h3 {[%clk 0:09:41]}
dxc4 {[%clk 0:05:26]} 18.Qxc4 {[%clk 0:09:41]} Nd5 {[%clk 0:04:05]}
19.Na4 {[%clk 0:09:19]} Re6 {[%clk 0:03:40]} 20.Nc5 {[%clk 0:09:16]}
Bxc5 {[%clk 0:03:40]} 21.Qxc5 {[%clk 0:09:05]} Rg6 {[%clk 0:03:22]}
22.Kh1 {[%clk 0:07:26]} Rh6 {[%clk 0:02:00]} 23.Nh2 {[%clk 0:06:49]}
Qf5 {[%clk 0:01:14]} 24.Qc2 {[%clk 0:06:43]} Qg5 {[%clk 0:00:58]}
25.Qe4 {[%clk 0:05:01]} Re6 {[%clk 0:00:25]} 26.Qg4 {[%clk 0:04:39]}
Qh6 {[%clk 0:00:16]} 27.Rc5 {[%clk 0:04:21]} b6 {[%clk 0:00:08]}
28.Rc4 {[%clk 0:04:03]} Nf6 {[%clk 0:00:07]} 29.Qf3 {[%clk 0:03:58]}
Ne7 {[%clk 0:00:04]} 30.Rxc7 {[%clk 0:03:50]} Ned5 {[%clk 0:00:06]}
31.Rc2 {[%clk 0:03:47]} b5 {[%clk 0:00:08]} 32.Rac1 {[%clk 0:03:49]}
Ree8 {[%clk 0:00:10]} 33.Ng4 {[%clk 0:03:48]} Nxg4 {[%clk 0:00:08]}
34.Qxg4 {[%clk 0:03:50]} Qf6 {[%clk 0:00:06]} 35.Rc8 {[%clk 0:03:44]}
Qxf2 {[%clk 0:00:07]} 36.Rxd8 Rxd8 37.Rc8 {[%clk 0:03:27]} Qf6
{[%clk 0:00:06]} 38.Qd7 {[%clk 0:03:21]} h6 {[%clk 0:00:05]}
39.Qxd8+ Qxd8 {[%clk 0:00:07]} 40.Rxd8+ {[%clk 0:03:25]} 1-0

[Event "13. Golden Prague Rapid Open"]
[Site "Praha"]
[Date "2017.07.01"]
[Round "7.14"]
[White "Zvacek, Antonin"]
[Black "Bily, Michal"]
[Result "0-1"]
[WhiteElo "1881"]
[BlackElo "1883"]
[Annotator ""]
[Source ""]
[Remark ""]

1.e4 {[%clk 0:12:03]} c6 {[%clk 0:12:03]} 2.d4 {[%clk 0:12:04]}
d5 {[%clk 0:12:05]} 3.f3 {[%clk 0:12:05]} dxe4 {[%clk 0:12:07]}
4.fxe4 {[%clk 0:12:03]} e5 {[%clk 0:12:08]} 5.Nf3 {[%clk 0:11:56]}
exd4 {[%clk 0:12:08]} 6.Bc4 {[%clk 0:11:57]} Qe7 {[%clk 0:11:41]}
7.O-O {[%clk 0:11:02]} Be6 {[%clk 0:11:42]} 8.Bxe6 {[%clk 0:10:15]}
fxe6 {[%clk 0:11:42]} 9.Nxd4 {[%clk 0:09:32]} Nd7 {[%clk 0:11:39]}
10.Qg4 {[%clk 0:07:57]} Nc5 {[%clk 0:10:33]} 11.b4 {[%clk 0:06:28]}
O-O-O {[%clk 0:10:33]} 12.Bg5 {[%clk 0:03:00]} Nf6 {[%clk 0:10:33]}
13.Bxf6 {[%clk 0:02:51]} gxf6 {[%clk 0:10:33]} 14.c3 {[%clk 0:02:40]}
f5 {[%clk 0:07:42]} 15.exf5 {[%clk 0:02:24]} exf5 {[%clk 0:07:44]}
16.Qxf5+ {[%clk 0:02:20]} Nd7 {[%clk 0:07:45]} 17.Ne6 {[%clk 0:01:43]}
Re8 {[%clk 0:07:40]} 18.Na3 {[%clk 0:01:13]} Qxe6 {[%clk 0:07:37]}
19.Qf4 {[%clk 0:00:57]} Qe3+ {[%clk 0:07:38]} 20.Kh1 {[%clk 0:00:56]}
Bh6 {[%clk 0:07:26]} 21.Qf5 {[%clk 0:00:45]} Rhf8 {[%clk 0:07:25]}
22.Qxh7 {[%clk 0:00:42]} Rxf1+ {[%clk 0:07:02]} 23.Rxf1 {[%clk 0:00:44]}
Qe2 {[%clk 0:06:43]} 24.Rg1 {[%clk 0:00:14]} Be3 {[%clk 0:06:44]}
25.h3 {[%clk 0:00:13]} Bxg1 {[%clk 0:06:45]} 26.Kxg1 {[%clk 0:00:15]}
Rf8 {[%clk 0:06:31]} 27.b5 {[%clk 0:00:04]} Rf1+ {[%clk 0:06:30]}
28.Kh2 {[%clk 0:00:06]} Qe5+ {[%clk 0:06:32]} 29.g3 {[%clk 0:00:06]}
Qe2# {[%clk 0:06:33]} 0-1

[Event "13. Golden Prague Rapid Open"]
[Site "Praha"]
[Date "2017.07.01"]
[Round "7.15"]
[White "Festa, Samuele"]
[Black "Skaloud, Dusan"]
[Result "0-1"]
[WhiteElo "2078"]
[BlackElo "1808"]
[Annotator ""]
[Source ""]
[Remark ""]

1.c4 {[%clk 0:12:03]} e5 {[%clk 0:12:05]} 2.g3 {[%clk 0:12:03]}
c6 {[%clk 0:12:07]} 3.d4 {[%clk 0:11:48]} exd4 {[%clk 0:11:58]}
4.Qxd4 {[%clk 0:11:47]} Qf6 {[%clk 0:11:51]} 5.Nf3 {[%clk 0:11:24]}
h6 {[%clk 0:11:04]} 6.Nc3 {[%clk 0:11:15]} Na6 {[%clk 0:11:04]}
7.Bg2 {[%clk 0:10:35]} Nc7 {[%clk 0:11:06]} 8.O-O {[%clk 0:10:24]}
Ne6 {[%clk 0:11:09]} 9.Qxf6 Nxf6 10.e4 {[%clk 0:09:40]} Bb4 {[%clk 0:11:09]}
11.Re1 {[%clk 0:08:37]} Bxc3 {[%clk 0:10:33]} 12.bxc3 {[%clk 0:08:38]}
O-O {[%clk 0:10:32]} 13.e5 {[%clk 0:08:22]} Ne8 {[%clk 0:10:13]}
14.Ba3 {[%clk 0:07:59]} c5 {[%clk 0:09:10]} 15.Nd2 {[%clk 0:07:59]}
Rb8 {[%clk 0:08:40]} 16.Bd5 {[%clk 0:07:08]} b6 {[%clk 0:08:28]}
17.Ne4 {[%clk 0:06:57]} f5 {[%clk 0:08:18]} 18.Nd6 {[%clk 0:06:05]}
Nxd6 {[%clk 0:08:12]} 19.exd6 {[%clk 0:06:06]} Kf7 {[%clk 0:07:42]}
20.Rad1 {[%clk 0:05:55]} Kf6 {[%clk 0:07:43]} 21.Bc1 {[%clk 0:04:48]}
Re8 {[%clk 0:07:39]} 22.f4 {[%clk 0:04:31]} Bb7 {[%clk 0:07:36]}
23.Re5 {[%clk 0:04:15]} g5 {[%clk 0:07:18]} 24.Bxb7 {[%clk 0:03:49]}
Rxb7 {[%clk 0:07:19]} 25.Rdd5 {[%clk 0:03:49]} Ng7 {[%clk 0:07:13]}
26.g4 {[%clk 0:02:27]} Rxe5 {[%clk 0:06:17]} 27.Rxe5 {[%clk 0:02:28]}
fxg4 {[%clk 0:06:11]} 28.Re4 {[%clk 0:01:38]} Ne6 {[%clk 0:05:28]}
29.fxg5+ {[%clk 0:01:37]} Kf5 {[%clk 0:05:29]} 30.Re1 {[%clk 0:01:15]}
hxg5 {[%clk 0:05:06]} 31.Kf2 {[%clk 0:00:57]} Nf4 {[%clk 0:05:03]}
32.Bxf4 {[%clk 0:00:42]} gxf4 {[%clk 0:05:04]} 33.Re7 {[%clk 0:00:42]}
a5 {[%clk 0:04:42]} 34.Rf7+ {[%clk 0:00:35]} Ke5 {[%clk 0:04:43]}
35.Rg7 {[%clk 0:00:35]} Kf5 {[%clk 0:04:03]} 36.Rf7+ {[%clk 0:00:36]}
Ke4 {[%clk 0:04:05]} 37.Re7+ {[%clk 0:00:35]} Kd3 {[%clk 0:04:06]}
38.Rf7 {[%clk 0:00:34]} g3+ {[%clk 0:04:02]} 39.hxg3 {[%clk 0:00:35]}
fxg3+ {[%clk 0:04:05]} 40.Kxg3 {[%clk 0:00:36]} Kxc4 {[%clk 0:04:04]}
41.Rf3 {[%clk 0:00:24]} b5 {[%clk 0:03:58]} 42.Kf4 {[%clk 0:00:25]}
Rb8 {[%clk 0:03:50]} 43.Rh3 Kd5 {[%clk 0:03:37]} 44.Rh6 {[%clk 0:00:18]}
Rf8+ {[%clk 0:03:34]} 45.Ke3 {[%clk 0:00:19]} Kc4 {[%clk 0:03:30]}
46.Rh7 {[%clk 0:00:17]} Rd8 {[%clk 0:03:26]} 47.Kd2 {[%clk 0:00:19]}
Kd5 {[%clk 0:03:27]} 48.Rh6 {[%clk 0:00:19]} Re8 {[%clk 0:03:19]}
49.Kd3 {[%clk 0:00:13]} c4+ {[%clk 0:03:20]} 50.Kd2 {[%clk 0:00:15]}
Re6 {[%clk 0:03:22]} 51.Rh5+ {[%clk 0:00:14]} Re5 {[%clk 0:03:23]}
52.Rh6 {[%clk 0:00:13]} Kc6 {[%clk 0:03:21]} 53.Rg6 {[%clk 0:00:11]}
Rd5+ {[%clk 0:03:23]} 54.Ke3 {[%clk 0:00:11]} Rxd6 0-1

[Event "13. Golden Prague Rapid Open"]
[Site "Praha"]
[Date "2017.07.01"]
[Round "7.16"]
[White "Muk, Ivo"]
[Black "Krnak, Vladimir"]
[Result "1-0"]
[WhiteElo "2010"]
[BlackElo "1691"]
[Annotator ""]
[Source ""]
[Remark ""]

1.d4 {[%clk 0:12:08]} Nf6 {[%clk 0:12:06]} 2.Nf3 {[%clk 0:12:07]}
g6 {[%clk 0:12:03]} 3.c4 {[%clk 0:12:08]} Bg7 {[%clk 0:12:04]}
4.Nc3 {[%clk 0:12:08]} O-O {[%clk 0:12:03]} 5.g3 {[%clk 0:11:51]}
d6 {[%clk 0:12:04]} 6.Bg2 {[%clk 0:11:53]} a6 {[%clk 0:12:05]}
7.O-O {[%clk 0:11:47]} Nc6 {[%clk 0:12:06]} 8.Re1 {[%clk 0:11:23]}
Rb8 {[%clk 0:12:05]} 9.a4 {[%clk 0:11:08]} Nb4 {[%clk 0:11:57]}
10.a5 {[%clk 0:10:52]} Bd7 {[%clk 0:11:49]} 11.c5 {[%clk 0:10:30]}
h6 {[%clk 0:09:09]} 12.Qb3 {[%clk 0:10:18]} dxc5 {[%clk 0:08:40]}
13.dxc5 {[%clk 0:10:14]} Nc6 {[%clk 0:08:29]} 14.e4 {[%clk 0:09:57]}
Be6 {[%clk 0:08:24]} 15.Qa4 {[%clk 0:09:42]} Nd7 {[%clk 0:08:14]}
16.Be3 {[%clk 0:08:55]} Qc8 {[%clk 0:07:39]} 17.h3 {[%clk 0:08:13]}
Rd8 {[%clk 0:07:33]} 18.Kh2 {[%clk 0:08:10]} Nde5 {[%clk 0:07:05]}
19.Nxe5 {[%clk 0:06:10]} Nxe5 {[%clk 0:07:06]} 20.Nd5 {[%clk 0:05:19]}
Kf8 {[%clk 0:06:07]} 21.Red1 {[%clk 0:04:46]} Bd7 {[%clk 0:06:00]}
22.Qc2 {[%clk 0:04:42]} Bb5 {[%clk 0:05:52]} 23.f4 {[%clk 0:04:07]}
Nc4 {[%clk 0:05:01]} 24.Bd4 {[%clk 0:02:23]} e5 {[%clk 0:04:31]}
25.Bf2 {[%clk 0:01:12]} exf4 {[%clk 0:04:24]} 26.gxf4 {[%clk 0:01:11]}
Nxb2 {[%clk 0:04:00]} 27.Rdb1 {[%clk 0:00:47]} Nc4 {[%clk 0:03:58]}
28.Ra2 {[%clk 0:00:43]} c6 {[%clk 0:03:44]} 29.Nb6 {[%clk 0:00:37]}
Nxb6 {[%clk 0:03:40]} 30.axb6 {[%clk 0:00:38]} Bd3 {[%clk 0:03:37]}
31.Qb3 {[%clk 0:00:29]} Bxb1 {[%clk 0:03:37]} 32.Qxb1 {[%clk 0:00:31]}
Qe6 {[%clk 0:03:30]} 33.Bg3 {[%clk 0:00:11]} Rbc8 {[%clk 0:03:18]}
34.Re2 {[%clk 0:00:09]} Qc4 {[%clk 0:03:03]} 35.Rc2 {[%clk 0:00:08]}
Qd4 {[%clk 0:02:55]} 36.f5 {[%clk 0:00:07]} Qd1 {[%clk 0:02:34]}
37.Qb3 {[%clk 0:00:05]} Qd3 {[%clk 0:02:27]} 38.Qa2 {[%clk 0:00:05]}
Bd4 {[%clk 0:02:01]} 39.fxg6 {[%clk 0:00:07]} fxg6 {[%clk 0:02:03]}
40.Bd6+ {[%clk 0:00:06]} Kg7 {[%clk 0:02:02]} 41.Rd2 {[%clk 0:00:06]}
Qc3 {[%clk 0:01:53]} 42.Rd1 {[%clk 0:00:07]} Re8 43.Rf1 Be5+
{[%clk 0:01:29]} 44.Kh1 {[%clk 0:00:10]} Bxd6 {[%clk 0:01:27]}
45.Qf7+ {[%clk 0:00:12]} Kh8 {[%clk 0:01:27]} 46.cxd6 {[%clk 0:00:14]}
Qg7 {[%clk 0:01:25]} 47.Qxg7+ {[%clk 0:00:14]} Kxg7 {[%clk 0:01:27]}
48.d7 {[%clk 0:00:16]} Rcd8 {[%clk 0:01:28]} 49.dxe8Q {[%clk 0:00:19]}
Rxe8 {[%clk 0:01:30]} 50.Rd1 {[%clk 0:00:20]} Kf6 {[%clk 0:01:31]}
51.Rd7 {[%clk 0:00:23]} Re7 {[%clk 0:01:32]} 52.Rxe7 {[%clk 0:00:25]}
Kxe7 {[%clk 0:01:34]} 53.Kh2 {[%clk 0:00:27]} c5 {[%clk 0:01:35]}
54.Kg3 {[%clk 0:00:29]} c4 {[%clk 0:01:37]} 55.Kf2 {[%clk 0:00:31]}
Kd6 {[%clk 0:01:38]} 56.Ke3 {[%clk 0:00:34]} Kc5 {[%clk 0:01:40]}
57.h4 {[%clk 0:00:35]} h5 {[%clk 0:01:39]} 58.e5 {[%clk 0:00:37]}
a5 {[%clk 0:01:39]} 59.Kd2 {[%clk 0:00:38]} a4 {[%clk 0:01:38]}
60.Kc3 {[%clk 0:00:41]} Kxb6 {[%clk 0:01:39]} 61.e6 {[%clk 0:00:43]}
Kc7 {[%clk 0:01:41]} 62.Bd5 {[%clk 0:00:44]} Kd6 {[%clk 0:01:42]}
63.Bxc4 {[%clk 0:00:47]} b5 {[%clk 0:01:44]} 64.Ba2 {[%clk 0:00:49]}
Ke7 {[%clk 0:01:45]} 65.Kb4 {[%clk 0:00:52]} g5 {[%clk 0:01:46]}
66.hxg5 {[%clk 0:00:49]} h4 {[%clk 0:01:48]} 67.Bd5 {[%clk 0:00:44]}
Kd6 {[%clk 0:01:44]} 68.Ba2 {[%clk 0:00:43]} Ke7 {[%clk 0:01:46]}
69.Kxb5 {[%clk 0:00:45]} a3 {[%clk 0:01:48]} 70.Ka4 {[%clk 0:00:44]}
h3 {[%clk 0:01:48]} 71.Kxa3 {[%clk 0:00:40]} h2 {[%clk 0:01:47]}
72.Bd5 {[%clk 0:00:42]} h1Q 73.Bxh1 {[%clk 0:00:39]} Kxe6 {[%clk 0:01:51]}
74.Be4 {[%clk 0:00:40]} Kf7 {[%clk 0:01:51]} 75.Kb4 {[%clk 0:00:41]}
Kg7 {[%clk 0:01:53]} 76.Kc5 {[%clk 0:00:43]} Kf7 {[%clk 0:01:55]}
77.Kd6 {[%clk 0:00:45]} Kg7 {[%clk 0:01:57]} 78.Ke6 {[%clk 0:00:46]}
Kg8 {[%clk 0:01:59]} 79.Kf6 {[%clk 0:00:46]} Kh8 {[%clk 0:02:00]}
80.Kg6 {[%clk 0:00:46]} Kg8 {[%clk 0:02:01]} 81.Kh6 {[%clk 0:00:48]}
Kh8 {[%clk 0:02:00]} 82.g6 {[%clk 0:00:49]} Kg8 {[%clk 0:02:02]}
83.Bd5+ {[%clk 0:00:51]} Kf8 {[%clk 0:02:04]} 84.g7+ {[%clk 0:00:53]}
Ke7 {[%clk 0:02:07]} 85.g8Q {[%clk 0:00:54]} Kd6 {[%clk 0:02:09]}
86.Qe6+ {[%clk 0:00:55]} Kc5 {[%clk 0:02:11]} 87.Kg5 {[%clk 0:00:55]}
Kd4 {[%clk 0:02:13]} 88.Qe4+ {[%clk 0:00:57]} Kc5 {[%clk 0:02:15]}
89.Qc4+ {[%clk 0:00:58]} Kd6 {[%clk 0:02:17]} 90.Kf4 {[%clk 0:01:00]}
Ke7 {[%clk 0:02:18]} 91.Bf3 {[%clk 0:01:02]} Kd6 {[%clk 0:02:20]}
92.Qd5+ {[%clk 0:01:04]} Ke7 {[%clk 0:02:22]} 93.Ke5 {[%clk 0:01:05]}
Kf8 {[%clk 0:02:23]} 94.Qb7 {[%clk 0:01:06]} Ke8 {[%clk 0:02:23]}
95.Ke6 {[%clk 0:01:07]} Kf8 {[%clk 0:02:24]} 96.Qf7# {[%clk 0:01:08]} 1-0

[Event "13. Golden Prague Rapid Open"]
[Site "Praha"]
[Date "2017.07.01"]
[Round "7.17"]
[White "Janacek, Jaroslav"]
[Black "Kalvach, Ladislav"]
[Result "1-0"]
[WhiteElo "1972"]
[BlackElo "1852"]
[Annotator ""]
[Source ""]
[Remark ""]

1.e4 c5 2.c3 Nf6 3.e5 Nd5 4.Nf3 d6 5.Bc4 e6 6.d4 cxd4 7.cxd4
Nc6 8.O-O dxe5 9.dxe5 Bc5 10.a3 a5 11.Qe2 Qb6 12.Nc3 Nxc3 13.bxc3
O-O 14.Qe4 Ne7 15.Bd3 g6 16.Bh6 Rd8 17.h4 Qc6 18.Qe2 Nf5 19.Bg5
Rxd3 20.Qxd3 b6 21.Rfd1 Ba6 22.Qd7 Qe4 23.Bf6 h6 24.Rd2 Qg4 25.Rad1
Rf8 26.Qa7 Bc4 27.Rd8 Ng3 28.Rxf8+ Bxf8 29.fxg3 Qxg3 30.Rd8 1-0

[Event "13. Golden Prague Rapid Open"]
[Site "Praha"]
[Date "2017.07.01"]
[Round "7.18"]
[White "Peyrer, Konstantin"]
[Black "Mara, Jiri"]
[Result "1-0"]
[WhiteElo "1921"]
[BlackElo "1642"]
[Annotator ""]
[Source ""]
[Remark ""]

1.e3 {[%clk 0:12:03]} e5 {[%clk 0:11:56]} 2.c4 {[%clk 0:12:04]}
Nf6 {[%clk 0:11:52]} 3.Nc3 {[%clk 0:12:06]} Nc6 {[%clk 0:11:42]}
4.g3 {[%clk 0:12:06]} b6 {[%clk 0:11:38]} 5.Bg2 {[%clk 0:12:08]}
Bb7 {[%clk 0:11:40]} 6.Nge2 {[%clk 0:12:09]} Bb4 {[%clk 0:11:09]}
7.O-O {[%clk 0:12:09]} O-O {[%clk 0:10:45]} 8.a3 {[%clk 0:12:11]}
Be7 {[%clk 0:10:41]} 9.b4 {[%clk 0:12:12]} Qc8 {[%clk 0:10:30]}
10.Bb2 {[%clk 0:12:11]} d6 {[%clk 0:10:25]} 11.c5 {[%clk 0:12:03]}
dxc5 {[%clk 0:09:35]} 12.b5 {[%clk 0:11:53]} Na5 {[%clk 0:09:16]}
13.Bxb7 {[%clk 0:11:53]} Qxb7 {[%clk 0:09:06]} 14.d3 {[%clk 0:11:53]}
Rad8 {[%clk 0:08:55]} 15.Qc2 {[%clk 0:11:52]} c4 {[%clk 0:08:44]}
16.d4 {[%clk 0:11:53]} exd4 {[%clk 0:08:45]} 17.Nxd4 {[%clk 0:11:55]}
a6 {[%clk 0:07:53]} 18.a4 {[%clk 0:11:51]} c5 {[%clk 0:07:35]}
19.Nf5 {[%clk 0:11:49]} Nb3 {[%clk 0:07:30]} 20.Rad1 {[%clk 0:11:47]}
Rxd1 21.Rxd1 Bd8 {[%clk 0:06:20]} 22.Nd6 {[%clk 0:11:32]} Qc7
{[%clk 0:05:48]} 23.Nxc4 {[%clk 0:11:31]} a5 {[%clk 0:05:38]}
24.Qxb3 {[%clk 0:11:30]} Qb7 {[%clk 0:05:20]} 25.Rd6 {[%clk 0:11:28]}
Bc7 {[%clk 0:04:57]} 26.Rc6 {[%clk 0:11:23]} Nd7 {[%clk 0:04:27]}
27.Nd5 {[%clk 0:11:22]} Bd8 {[%clk 0:04:21]} 28.Nd6 {[%clk 0:11:22]}
Qb8 {[%clk 0:04:15]} 29.Nf5 {[%clk 0:11:12]} g6 {[%clk 0:03:49]}
30.Nh6# 1-0